Sadao Hasegawa : paintings and drawings /

Na minha lista:
Detalhes bibliográficos
Autor principal: Hasegawa, Sadao
Formato: Livro
Idioma:inglês
Publicado em: London : Boston, MA : GMP ; Distributed in North America by Alyson Publications, 1990.
Tags: Adicionar Tag
Sem tags, seja o primeiro a adicionar uma tag!

MARC

LEADER 00000nam a2200000 a 4500
001 3930676
003 loc
005 20250914162423.0
008 940609s1990 enka c 000 0 eng d
010 |a  92156880  
015 |a GB90-22921 
020 |a 0854491422 
020 |a 9780854491421 
035 |a 3930676 
035 |a (OCoLC)21408558 
040 |a Uk  |c Uk  |d DLC 
042 |a lccopycat 
043 |a a-ja--- 
050 0 0 |a N7359.H373  |b A4 1990 
082 0 0 |a 759.952  |2 20 
100 1 |a Hasegawa, Sadao. 
245 1 0 |a Sadao Hasegawa :  |b paintings and drawings /  |c introduced by Frits Staal. 
260 |a London :  |b GMP ;  |a Boston, MA :  |b Distributed in North America by Alyson Publications,  |c 1990. 
300 |a 76 p. :  |b chiefly col. ill. ;  |c 31 cm. 
942 |2 ddc  |c BK 
952 |0 0  |1 0  |2 ddc  |4 0  |6 B_APT01HASSASAD11  |7 0  |9 5273  |a MI  |b MI  |d 2005-08-13  |i 4798  |l 0  |o B-APT01-HASSA-SAD11  |p CDOM4798  |r 2025-07-13 16:27:00  |w 2025-07-13  |x ACQUISTO  |y BK 
999 |c 4209  |d 4209